000 00505nam a2200157 i 4500
001 184699
003 ES-MaACL
005 20250725232357.0
008 151116s1854 sp |||| | spa d
245 0 0 _aColección de poesias selectas castellanas /
_ccompiladas por D. José Aguilera y Lopez.
260 _aGranada :
_b[s.n.],
_c1854 (
_fImp. de Francisco Ventura)
300 _a250 p. ;
_c17 cm.
650 7 _aPoesías españolas
_2embne
_916214
852 _aES-MaACL
_jC-3521
999 _c184699
_d184699